Responses for Show #4539 - Thursday, May 6, 2004

2004-A Kids Week game 4.
From Washington, D.C.

Contestants

[<< previous game]

Marshall Tan, from Gaithersburg, Maryland

Guy Tabachnick, from New York, New York

Robin Kutner, from Newtown, Pennsylvania

[next game >>]

Jeopardy! Round responses

"A" IN HISTORY
PUPPY LOVE
SIMPLY GEOGRAPHIC
OUR FLAG
HIT SONGS
RHYMES WITH RHYME
    $200 3
the Air Force

Guy
    $200 22
(Alex: [*], yes. My dog has to learn that yet... he's 12 years old.)

sit

Robin
    $200 1
Australia

Robin
    $200 8
Betsy Ross

Guy
    $200 18
beautiful

Robin
    $200 13
a dime

Guy
    $400 4
the Aztecs

Guy
    $400 23
a veterinarian

Robin
    $400 2
Africa

Guy
    $400 12
7

Robin
    $400 25
Mandy Moore

Guy
    $400 14
a lime

Guy
    $600 5
Atlanta

Marshall
    $600 24
a bulldog

Marshall
    $600 9
the Mediterranean Sea

Robin
    $600 19
Antarctica

Robin
    $600 26
Shaggy

Guy
    $600 15
time

Robin
    $800 6
Alexander the Great

Guy
    $800 29
[The end-of-round signal sounds.]

Puppy Chow

Triple Stumper
    $600 10
(Robin: What is England?)

Scotland

Robin
    $800 20
June 14

Robin
    $800 27
B2K

Marshall
    $800 16
prime

Guy
    $1000 7
Amerigo

Marshall
    $1000 11
Mount McKinley

Marshall
    $1000 21
Tranquility

Triple Stumper
    $1000 28
50 Cent

Guy
    $1000 17
a mime

Marshall

Scores at the first commercial break (after clue 12):

Robin Guy Marshall
$600 $2,000 $2,600

Scores at the end of the Jeopardy! Round:

Robin Guy Marshall
$3,400 $5,400 $5,000

Double Jeopardy! Round responses

MATH CLASS
MOM JUST DOESN'T GET IT
NOTABLE NAMES
WHICH CAME FIRST?
SPORTS TEAMS HOME CITIES
10-, 11- & 12-LETTER WORDS
    $400 1
2000

Marshall
    $400 10
Randy

Robin
    $400 2
Marie Curie

Marshall
    $400 14
the light bulb

Robin
    $400 13
Chicago

Marshall
    $400 17
a caterpillar

Guy
    $800 5
18

Guy
    $800 11
(Alex: Guys are like that, by the way.)

boxers

Robin
    $400 3
Abraham Lincoln

Marshall
    $800 15
Tom Sawyer

Marshall
    $800 18
Miami

Marshall
    $800 25
a paperweight

Marshall
    $1200 6
21

Guy
    $1200 12
a Polaroid picture

Guy
    $1200 4
Beethoven

Guy
    $1200 16
the War of 1812

Guy
    $1200 22
Boston

Guy
    $1200 26
a microscope

Robin
    $1600 7
60

Marshall
    $1600 29
Phat Farm

Robin
    $1600 8
the Marquis de Lafayette

Marshall
    $1600 19
Dolley Madison

Marshall
    $1600 23
Houston

Guy
    $1600 27
snowboarding

Robin
    $2000 21
(Marshall: What is... 7... 9... and... 11--uh, 5!?)

5, 7, & 9

GuyMarshall
    $2000 30
(Tony) Hawk

Guy
    $2000 9
Sheba

Guy
    $2000 20
Massachusetts statehood

Robin
    $2000 24
Anaheim

Guy
    $2,000 28
(Robin: What is a works cited?)

a bibliography

Robin

Scores at the end of the Double Jeopardy! Round:

Robin Guy Marshall
$9,400 $22,200 $11,800

[wagering suggestions for these scores]

Final Jeopardy! Round responses

INVENTIONS
(Alex: Little 11-year-old Frank Epperson was stirring his drink with a little wooden stir stick and it froze. And it wound up becoming [*].)

[Guy's parents]
RobinWhat is a popsicle
$8,800
MarshallWhat is the popsicle
$7,000
GuyWhat is the Popsicle?
$3,399
the popsicle

Final scores:

Robin Guy Marshall
$18,200 $25,599 $18,800
3rd place: $1,000 + Classroom Jeopardy! Winner: $25,599 + Classroom Jeopardy! 2nd place: $2,000 + Classroom Jeopardy!

Game dynamics:

Coryat scores:

Robin Guy Marshall
$12,000 $22,200 $12,200
16 R,
2 W
(including 2 DDs)
23 R,
0 W
16 R
(including 1 DD),
1 W

Combined Coryat: $46,400

[game clues] [game scores] [suggest correction]

Game tape date: 2004-04-04
The J! Archive is created by fans, for fans. Scraping, republication, monetization, and malicious use prohibited; this site may use cookies and collect identifying information. See terms. The Jeopardy! game show and all elements thereof, including but not limited to copyright and trademark thereto, are the property of Jeopardy Productions, Inc. and are protected under law. This website is not affiliated with, sponsored by, or operated by Jeopardy Productions, Inc. Join the discussion at JBoard.tv.